000 00415nam a2200181Ia 4500
005 20250603145931.0
008 250603s9999 xx 000 0 und d
020 _a0-582-42659-6
050 _aPZ 7 .B87 S43/
100 _aFrances Hodgson Burnett
245 4 _aThe secret garden
260 _aNew York
260 _bPenguin Readers
260 _c2000
300 _a41 p
650 _aNew York
942 _cBK
999 _c43284
_d43284